[Event "FAI-chT2 1415"]
[Site "Faroe Islands"]
[Date "2014.10.26"]
[Round "1.2"]
[White "Stora, Borgar J"]
[Black "Jacobsen, John"]
[Result "1/2-1/2"]
[WhiteElo "1337"]
[BlackElo "1826"]
[PlyCount "61"]
[EventDate "2014.10.26"]
[EventType "team-tourn"]
[EventRounds "10"]
[EventCountry "FAI"]
[SourceTitle "CBM 163 Extra"]
[Source "ChessBase"]
[SourceDate "2014.12.23"]
[SourceVersion "1"]
[SourceVersionDate "2014.12.23"]
[SourceQuality "1"]
[WhiteTeam "Vestmanna II"]
[BlackTeam "Vestmanna"]
[WhiteTeamCountry "FAI"]
[BlackTeamCountry "FAI"]

1. e4 c5 2. Nf3 Nc6 3. g3 d6 4. Bg2 Nf6 5. d3 g6 6. Be3 Bg7 7. Nbd2 0-0 8. 0-0 Bg4 9. Qc1 Rc8 10. c3 Qd7 11. Qe1 b6 12. Rc1 Rc7 13. Bf4 e5 14. Be3 Rfc8 15. a3 Bh3 16. c4 Bxg2 17. Kxg2 Nd4 18. Bxd4 cxd4 19. h3 Bh6 20. Rc2 Qa4 21. Qd1 Nd7 22. Rc1 Qa6 23. Ra1 Qb7 24. a4 a5 25. b3 Nc5 26. Qe2 Re7 27. Rab1 Na6 28. h4 Rce8 29. Ng5 f6 30. Nh3 Nc5 31. f3 1/2-1/2

[Event "FAI-chT3 1213"]
[Site "Faroe Islands"]
[Date "2013.01.19"]
[Round "3.1"]
[White "Jacobsen, John"]
[Black "Joensen, Jakup F"]
[Result "1-0"]
[WhiteElo "1798"]
[BlackElo "1637"]
[PlyCount "91"]
[EventDate "2012.10.28"]
[EventType "team-tourn"]
[EventRounds "7"]
[EventCountry "FAI"]
[SourceTitle "EXT 2014"]
[Source "ChessBase"]
[SourceDate "2013.11.20"]
[SourceVersion "1"]
[SourceVersionDate "2013.11.20"]
[SourceQuality "1"]
[WhiteTeam "Vestmanna II"]
[BlackTeam "Gota"]
[WhiteTeamCountry "FAI"]
[BlackTeamCountry "FAI"]

1. Nf3 d5 2. d4 Nf6 3. g3 g6 4. Bg2 Bg7 5. 0-0 0-0 6. c4 c6 7. Nc3 Re8 8. Bf4 Nh5 9. Bg5 h6 10. Be3 dxc4 11. Qd2 Kh7 12. Rfd1 e6 13. g4 Nf6 14. g5 hxg5 15. Bxg5 Qc7 16. e4 Nbd7 17. e5 Nd5 18. Ne4 Rf8 19. Bh4 Qb6 20. Kh1 Qb4 21. Qxb4 Nxb4 22. Be7 Nd3 23. Bxf8 Bxf8 24. Rd2 b5 25. a4 Bb4 26. Rc2 Kg7 27. axb5 cxb5 28. Nc3 Bxc3 29. bxc3 Bb7 30. Ng5 Bxg2+ 31. Kxg2 Nb6 32. Kg3 Na4 33. Nf3 Rh8 34. Ne1 Rc8 35. Rd1 Nxe1 36. Rxe1 a5 37. Ra1 Ra8 38. f4 Rb8 39. Kf3 Rh8 40. Kg3 Rb8 41. Rcc1 Ra8 42. Ra3 Rc8 43. h4 Rc7 44. Kf3 Rc8 45. Ke4 Rc7 46. h5 1-0

[Event "FAI-chT 0809"]
[Site "Faroe Islands"]
[Date "2009.01.25"]
[Round "7.4"]
[White "Jacobsen, John"]
[Black "Joensen, Jogvan Martin"]
[Result "0-1"]
[WhiteElo "1831"]
[BlackElo "1935"]
[PlyCount "50"]
[EventDate "2008.09.28"]
[EventType "team-tourn"]
[EventRounds "10"]
[EventCountry "FAI"]
[SourceTitle "EXT 2011"]
[Source "ChessBase"]
[SourceDate "2010.11.26"]
[SourceVersion "1"]
[SourceVersionDate "2010.11.26"]
[SourceQuality "1"]

1. e4 d5 2. exd5 Qxd5 3. Nc3 Qd6 4. d4 Nf6 5. Nf3 a6 6. Be2 e6 7. 0-0 Nbd7 8. Bg5 b5 9. Bd3 Bb7 10. Re1 Be7 11. Qe2 0-0 12. Rad1 Rfe8 13. Ne5 Nxe5 14. dxe5 Qc6 15. f3 Nd5 16. Ne4 Bxg5 17. Nxg5 g6 18. Ne4 Kg7 19. Qd2 h6 20. Kh1 Rad8 21. Nf2 Qc5 22. Ng4 Rh8 23. Qf2 Qe7 24. Qa7 c5 25. Be4 Ra8 0-1